00931nam a2200205Ia 4500008004100000020002200041082002000063100003200083245012000115250000600235260002300241300001000264500001300274505006800287650008400355700004000439952010900479952012000588999001700708120629s9999 xx 000 0 und d a978-607-17-0627-0 a344.7202 F363p aFernández Ruiz, Silvestre aPrestaciones y servicios del IMSS: cálculo y procedimientos / Silvestre Fernández Ruiz; Fausto Fernández Ruiz a5 aMéxico : Trillas a361 p aGlosario aContiene las ultimas modificaciones de la ley del Seguro Social a1. SEGURIDAD SOCIAL-LEGISLACION-COMENTARIOS \ 2. MÉXICO-LEYES, REGLAMENTOS.  aFernández Ruiz, Fausto; asesorÌ 00104070a15b15d2011-10-06l1o344.7202 F363Pp15 004926r2017-12-07s2015-10-06t1w2012-06-28yLB 00102lcc4070a15b15d2014-02-06l4o 344.7202 F363P 2011p15 006585r2017-12-07s2015-12-01t2w2014-12-16yLB c77774d77774